01716nam a2200301 u 45000010006000000050017000060080041000230200018000640350010000820350021000920400013001130410008001260820008001341000039001422450088001812600040002693000018003095000701003276500043010286500032010716500040011036500032011436500040011757000036012159420009012519990017012609520137012776303220260428111103.0960313s1990 spa  a958-04-0846-7 a63032 a(OCoLC)778185577 ccomduadb aspa 4a15510aProctor, William4auteaut925962013aEl niño que tiene de todo en exceso : de verdad necesita su hijo lo mejor de todo aBogotá :bEditorial Norma,c1990. a226 páginas aCONTENIDO : 1: Los peligros de tener en exceso. -- 2: ¿Es su hijo víctima del síndrome del niño rico? -- 3: Niños que tienen excesiva libertad. -- 4: Señales de peligro de excesiva libertad y cómo pueden responder los padres. -- 5: Niños que tienen demasiado dinero. -- 6: Por qué los padres les dan a sus hijos dinero en exceso y qué hacer para impedirlo. -- 7: Niños sometidos a presión excesiva para que triunfen. -- 8: Seis reglas para reducir las presiones inconvenientes en los niños. -- 9: ¿Pueden los niños excederse en los deportes o en los ejercicios? -- 10: Niños que comen demasiado, o demasiado poco. -- 11: Niños que reciben excesiva información. . aProblemas emocionales - Niños944733 7aPadres e hijos2lemb931948 7aPsicología infantil2lemb9141415 aNutrición infantil946083 7aEducación en el hogar2lemb9236010aMinear, Ralph4auteaut9259345 cBOOK c12477d12477 001040708GENaBCbBCd1999-09-20iC102683l1o155.418 M664np61000002066187r2024-10-30 00:00:00s2024-10-23t1w2023-04-20yBOOK